000 00319nam a22001337a 4500
008 190305b xxu||||| |||| 00| 0 eng d
020 _a9780325009759
041 _aeng
080 _a371
100 _a46
101 _aEDU
245 _aHow Writers Grow A Guide for Middle School Teachers
_cBlau,Sh
942 _2udc
_cBK
999 _c54486
_d54486